000
00222 a2200097 4500
001
40965
100
_a
Shibli Naumani
245
_a
Seerat un Nabi (Vol-IV)
260
_a
Lahore
_b
Maqtaba-e-Madina
_c
090
_c
25201
_d
25201
942
_a
NUST-CAE
_c
M
_c
16894
999
_c
276038
_d
276038